Algebra /
Guardado en:
| Autor Principal: | |
|---|---|
| Formato: | Libro |
| Idioma: | English |
| Publicado: |
New York :
Springer,
c2002.
|
| Edición: | Rev. 3rd ed. |
| Series: | Graduate texts in mathematics ;
211 |
| Materias: | |
| Etiquetas: |
Agregar Etiqueta
Sin Etiquetas, Sea el primero en etiquetar este registro!
|
| LEADER | 00692cam a2200229 a 4500 | ||
|---|---|---|---|
| 001 | MAT.inmabb004004 | ||
| 008 | 011012s2002####nyu######b####001#0#eng## | ||
| 005 | 20180502182400.0 | ||
| 245 | 1 | 0 | |a Algebra / |c Serge Lang. |
| 250 | |a Rev. 3rd ed. | ||
| 260 | |a New York : |b Springer, |c c2002. | ||
| 300 | |a xv, 914 p. ; |c 24 cm. | ||
| 440 | 0 | |a Graduate texts in mathematics ; |v 211 | |
| 504 | |a Incluye referencias bibliográficas (p. 895-901) e índice. | ||
| 510 | 4 | |a MR, |c 2003e:00003 | |
| 020 | |a 038795385X | ||
| 100 | 1 | |a Lang, Serge, |d 1927-2005. | |
| 650 | 0 | |a Algebra. | |
| 084 | |a 00A05 (15-02) |2 MR | ||
| 010 | |a 2001054916 | ||
| 040 | |a DLC |c DLC |d DLC | ||
| 859 | |h 00A05A |i L269-3 |p A-8359 |b BIB. MATEMATICA | ||
